| 000 | 00492nam a2200205Ia 4500 | ||
|---|---|---|---|
| 003 | GCL | ||
| 008 | 140319s9999 xx 000 0 eng d | ||
| 040 |
_aGCL / _cGCL |
||
| 082 | 0 | 4 |
_a843 _bJ R |
| 100 | 1 | _aJAMES, HENRY | |
| 245 | 1 | 0 |
_aRODERICK HUDSON / _cJAMES, HENRY |
| 260 |
_a[S.N] : _bFAYARD ، _c1976 |
||
| 300 | _a433 P | ||
| 650 | 0 | 4 | _aLITERATURE |
| 650 | 0 | 4 | _aFRENCH LANGUAGE |
| 650 | 0 | 4 | _aFICTION |
| 650 | 0 | 4 | _aFRENCH FICTION |
| 650 | 0 | 4 | _aFRENCH LITERATURE |
| 942 |
_2ddc _cBK |
||
| 999 |
_c24322 _d24322 |
||